Mathematics for physical science (Record no. 50719)

MARC details
000 -LEADER
fixed length control field 00456nam a2200133 a 4500
008 - FIXED-LENGTH DATA ELEMENTS--GENERAL INFORMATION
fixed length control field 080109s1968 ||||||||||||||||| || u
050 ## - LIBRARY OF CONGRESS CALL NUMBER
Classification number Q 172 Ald
100 ## - MAIN ENTRY--PERSONAL NAME
Personal name Aldridge, Bill G
245 10 - TITLE STATEMENT
Title Mathematics for physical science
260 ## - PUBLICATION, DISTRIBUTION, ETC.
Place of publication, distribution, etc. Ohio
Name of publisher, distributor, etc. Merril
Date of publication, distribution, etc. 1968
300 ## - PHYSICAL DESCRIPTION
Extent vi, 137p
350 ## - PRICE (NR) (BK AM CF MU VM SE) [OBSOLETE]
Price 0.00
995 ## - RECOMMENDATION 995 [LOCAL, UNIMARC FRANCE]
-- 0.00
-- CBU-MAIN LIBRARY (Kitwe)
-- 1
-- 5.20
-- 1
-- AVAILABLE
-- Annex Low-Usage Collection
Holdings
Withdrawn status Lost status Source of classification or shelving scheme Damaged status Not for loan Home library Current library Shelving location Date acquired Total Checkouts Full call number Barcode Date last seen Price effective from Koha item type
          CBU-MAIN LIBRARY, KITWE. CBU-MAIN LIBRARY, KITWE.   11/30/2022   Q 172 Ald 011382 11/30/2022 11/30/2022 MONOGRAPH